000 00670nam a2200193Ii 4500
003 JO-AjNU
008 230605s9999||||xx |||||||||||||| ||und||
040 _aJO-AjNU
_bara
_erda
_cJO-AjNU
041 _aara
050 1 4 _aQD151.2.M866 1984
100 3 _aبيرقدار، هيام واخرون,
_eauthor
_938747
245 0 0 _aالكيمياء اللاعضوي(2)لطلاب السنة الثالثة والرابعة(ر.ف.ك)
264 3 1 _aدمشق:مطبعة الجديدة ، 1984
300 _a214ص
336 _atext
_btxt
_2rdacontent
337 _aunmediated
_bn
_2rdamedia
338 _avolume
_bnc
_2rdacarrier
650 4 _aالكيمياء-تجارب
_938748
999 _aA16305
_c19873
_d19873